Statistics for Economics (Record no. 46543)

MARC details
000 -LEADER
fixed length control field 00441nam a22001697a 4500
005 - DATE AND TIME OF LATEST TRANSACTION
control field 20260513112247.0
008 - FIXED-LENGTH DATA ELEMENTS--GENERAL INFORMATION
fixed length control field 260513b |||||||| |||| 00| 0 eng d
020 ## - INTERNATIONAL STANDARD BOOK NUMBER
International Standard Book Number 9781606494035
041 ## - LANGUAGE CODE
Language code of text/sound track or separate title Eng
082 ## - DEWEY DECIMAL CLASSIFICATION NUMBER
Classification number 519.5 NAG
100 ## - MAIN ENTRY--PERSONAL NAME
Author Naghshpour; Shahdad
245 ## - TITLE STATEMENT
Title Statistics for Economics
260 ## - PUBLICATION, DISTRIBUTION, ETC.
Place New York
Publisher Business Expert Press
Publication Year 2012
300 ## - PHYSICAL DESCRIPTION
Extent 192;. P. 22 cm
650 ## - SUBJECT ADDED ENTRY--TOPICAL TERM
Subject General; Statistics; Economics
942 ## - ADDED ENTRY ELEMENTS (KOHA)
Koha item type Books
Holdings
Withdrawn status Lost status Source of classification or shelving scheme Damaged status Not for loan Home library Current library Shelving location Accession Date Vendor Price Bill number Total Checkouts Full call number Barcode No Date last seen Discount Cost, replacement price Bill Date Koha item type Suggested By
    Dewey Decimal Classification     IMTN IMTN Rack 19-A 05/13/2026 Raghav Books Private Limited 2093.45 2630   519.5 NAG 34010 05/13/2026 33 1402.61 04/30/2026 Books Recommended by Dr Veena Pailwar
Designed & Maintained by: LRC IMT Nagpur Contact: lrc@imtnag.ac.in© 2024. All Rights Reserved.